Significant Determinants of the Competitive Environment for SMEs in the Context of the Financial and Credit Risks

Komparatívna analýza hlavných determinantov externého financovania malých a stredných podnikov v Českej a Slovenskej republike.

Enregistré dans:
Détails bibliographiques
Auteur principal: Sopková, Gabriela
Autres auteurs: Belás, Jaroslav
Format: Chapitre de livre
Langue:anglais
Sujets:
Tags: Ajouter un tag
Pas de tags, Soyez le premier à ajouter un tag!

MARC

LEADER 00000nla a2200000 4500
001 0227170
005 20240502083610.6
041 0 |a eng 
044 |a PL 
245 1 0 |a Significant Determinants of the Competitive Environment for SMEs in the Context of the Financial and Credit Risks  |c Gabriela Sopková, Jaroslav Belás 
520 |a Komparatívna analýza hlavných determinantov externého financovania malých a stredných podnikov v Českej a Slovenskej republike. 
610 2 0 |a analýza komparatívna 
610 2 0 |a Česko 
610 2 0 |a Slovensko 
610 2 0 |a podnik malý 
610 2 0 |a podnik stredný 
610 2 0 |a konkurencieschopnosť 
610 2 0 |a financovanie podnikov 
100 1 |a Sopková, Gabriela 
700 1 |a Belás, Jaroslav